Property pricing survey (Record no. 106860)

MARC details
000 -LEADER
fixed length control field 01199cam a22002295a 4500
001 - CONTROL NUMBER
control field L137643
008 - FIXED-LENGTH DATA ELEMENTS--GENERAL INFORMATION
fixed length control field 070423s2007 xxk f 000 0 eng d
035 ## - SYSTEM CONTROL NUMBER
System control number (Sirsi) u137643
041 0# - LANGUAGE CODE
Language code of text/sound track or separate title eng
110 2# - MAIN ENTRY--CORPORATE NAME
Corporate name or jurisdiction name as entry element Colliers CRE
9 (RLIN) 5075
245 00 - TITLE STATEMENT
Title Property pricing survey
Remainder of title March 2007
Medium [electronic resource]
260 ## - PUBLICATION, DISTRIBUTION, ETC.
Date of publication, distribution, etc. 2007
490 #0 - SERIES STATEMENT
Series statement Property Pricing Survey
Volume/sequential designation (38) March 2007
520 ## - SUMMARY, ETC.
Summary, etc. Reports buying to be the main investment activity, with offices favoured by 57% of respondents, and industrials and retail to be favoured by 50% of respondents. Finds retail to be the most popular sale sector, by 29% of respondents, and central London to be the most targeted region in the office sector. Reports a cooling of investor demand for offices in Central London and the South East. Predicts rental growth to be the key driver of property performance in 2007.
590 ## - LOCAL NOTE (RLIN)
Local note KA
650 24 - SUBJECT ADDED ENTRY--TOPICAL TERM
Topical term or geographic name entry element COLLIERS PROPERTY PRICING SURVEY
651 #4 - SUBJECT ADDED ENTRY--GEOGRAPHIC NAME
Geographic name United Kingdom
Chronological subdivision
690 ## - LOCAL SUBJECT ADDED ENTRY--TOPICAL TERM (OCLC, RLIN)
Topical term or geographic name as entry element PROPERTY-PROPERTY VALUATION AND APPRAISAL
690 ## - LOCAL SUBJECT ADDED ENTRY--TOPICAL TERM (OCLC, RLIN)
Topical term or geographic name as entry element PROPERTY-COMMERCIAL PROPERTY-COMMERCIAL PROPERTY MARKET
856 40 - ELECTRONIC LOCATION AND ACCESS
Uniform Resource Identifier <a href="https://www.colliers.com/">https://www.colliers.com/</a>
Public note View the item free of charge at www.colliers.com...
942 ## - ADDED ENTRY ELEMENTS (KOHA)
Suppress in OPAC 0
Holdings
Withdrawn status Lost status Source of classification or shelving scheme Damaged status Not for loan Home library Current library Shelving location Date acquired Total Checkouts Full call number Barcode Date last seen Copy number Price effective from Koha item type
    Dewey Decimal Classification     Virtual Virtual Online 23/04/2007   ONLINE PUBLICATION 137643-1001 06/08/2019 1 06/08/2019 Book